000 00689nam a2200205Ii 4500
003 JO-AjNU
008 230605s9999||||xx |||||||||||||| ||und||
040 _aJO-AjNU
_bara
_erda
_cJO-AjNU
041 _aara
050 1 4 _aPJ7541 2004
100 3 _aزغلول، لطفي,
_eauthor
_952709
245 0 0 _aموال في الليل العربي: شعر
250 _aط1
264 3 1 _aالقدس:اتحاد الكتاب الفلسطينين، 2004
300 _a136ص
336 _atext
_btxt
_2rdacontent
337 _aunmediated
_bn
_2rdamedia
338 _avolume
_bnc
_2rdacarrier
650 4 _aالشعر العربي - فلسطين - شعر لطفي زغلول - القرن 21
_952710
999 _aA23365
_c26933
_d26933